| 000 | 00607nam a2200229Ia 4500 | ||
|---|---|---|---|
| 008 | 160303s9999 xx 000 0 und d | ||
| 050 | _aFIL HF 5387 | ||
| 050 | _b.G67 2004 c.2 | ||
| 100 | _aGorospe, Alejandro R. | ||
| 245 | _aPhilippine business ethics / | ||
| 245 | _cAlejandro R. Gorospe, Jose Ma. Quintos. | ||
| 250 | _a3rd Edition | ||
| 260 | _aManila: | ||
| 260 | _bGIC Enterprises and Co,. Inc., | ||
| 260 | _c2004 | ||
| 300 | _a251 pages : | ||
| 300 | _billustrations ; | ||
| 300 | _c22 cm. | ||
| 500 | _aIncludes index. | ||
| 650 | _aBusiness ethics -- | ||
| 650 | _xPhilippines. | ||
| 999 |
_c291206 _d291206 |
||